Türkiye Başbakanları - Statistics

General Stats
  • This quiz has been taken 2 909 times
  • The average score is 23 of 43
Answer Stats
Kategori Sıra Zaman Parti Başbakan % Correct
Türkiye Cumhuriyeti Başbakanları 1 1923-1924 Cumhuriyet Halk Partisi İsmet İnönü
95%
Türkiye Cumhuriyeti Başbakanları (1) 1925-1937 Cumhuriyet Halk Partisi İsmet İnönü
95%
Türkiye Cumhuriyeti Başbakanları (1) 1961-1965 Cumhuriyet Halk Partisi İsmet İnönü
95%
Türkiye Cumhuriyeti Başbakanları 25 2003-2014 Adalet ve Kalkınma Partisi Recep Tayyip Erdoğan
92%
Türkiye Cumhuriyeti Başbakanları 16 1974-1974 Cumhuriyet Halk Partisi Bülent Ecevit
83%
Türkiye Cumhuriyeti Başbakanları (16) 1977-1977 Cumhuriyet Halk Partisi Bülent Ecevit
83%
Türkiye Cumhuriyeti Başbakanları (16) 1978-1979 Cumhuriyet Halk Partisi Bülent Ecevit
83%
Türkiye Cumhuriyeti Başbakanları (16) 1999-2002 Demokratik Sol Parti Bülent Ecevit
83%
Türkiye Cumhuriyeti Başbakanları 27 2016-2018 Adalet ve Kalkınma Partisi Binali Yıldırım
78%
Türkiye Cumhuriyeti Başbakanları 9 1950-1960 Demokrat Parti Adnan Menderes
76%
Türkiye Cumhuriyeti Başbakanları 12 1965-1971 Adalet Partisi Süleyman Demirel
76%
Türkiye Cumhuriyeti Başbakanları (12) 1975-1977 Adalet Partisi Süleyman Demirel
76%
Türkiye Cumhuriyeti Başbakanları (12) 1977-1978 Adalet Partisi Süleyman Demirel
76%
Türkiye Cumhuriyeti Başbakanları (12) 1979-1980 Adalet Partisi Süleyman Demirel
76%
Türkiye Cumhuriyeti Başbakanları (12) 1991-1993 Doğru Yol Partisi Süleyman Demirel
76%
Türkiye Cumhuriyeti Başbakanları 22 1993-1996 Doğru Yol Partisi Tansu Çiller
76%
Türkiye Cumhuriyeti Başbakanları 23 1996-1997 Refah Partisi Necmettin Erbakan
74%
Türkiye Cumhuriyeti Başbakanları 19 1983-1989 Anavatan Partisi Turgut Özal
74%
Türkiye Cumhuriyeti Başbakanları 24 2002-2003 Adalet ve Kalkınma Partisi Abdullah Gül
73%
Türkiye Cumhuriyeti Başbakanları 26 2014-2016 Adalet ve Kalkınma Partisi Ahmet Davutoğlu
70%
Muvakkat İcra Ercümeni Reisi 1 1920-1920 (Ankara Mebusu) Mustafa Kemal Atatürk
67%
İcra Vekilleri Heyeti Reisi 1 1920-1921 (Ankara Mebusu) Mustafa Kemal Atatürk
67%
Türkiye Cumhuriyeti Başbakanları 3 1937-1939 Cumhuriyet Halk Partisi Celal Bayar
62%
Türkiye Cumhuriyeti Başbakanları 21 1991-1991 Anavatan Partisi Mesut Yılmaz
62%
Türkiye Cumhuriyeti Başbakanları (21) 1996-1996 Anavatan Partisi Mesut Yılmaz
62%
Türkiye Cumhuriyeti Başbakanları (21) 1997-1999 Anavatan Partisi Mesut Yılmaz
62%
Türkiye Cumhuriyeti Başbakanları 10 1960-1961 Askerî darbe Cemal Gürsel
38%
Türkiye Cumhuriyeti Başbakanları 5 1942-1946 Cumhuriyet Halk Partisi Şükrü Saracoğlu
33%
İcra Vekilleri Heyeti Reisi 2 1921-1922 (Kozan Mebusu) Fevzi Çakmak
28%
İcra Vekilleri Heyeti Reisi 4 1923-1923 (İstanbul Mebusu) Fethi Okyar
21%
Türkiye Cumhuriyeti Başbakanları 2 1924-1925 Cumhuriyet Halk Partisi Fethi Okyar
21%
İcra Vekilleri Heyeti Reisi 3 1922-1923 (Sivas Mebusu) Rauf Orbay
21%
Türkiye Cumhuriyeti Başbakanları 13 1971-1972 Bağımsız Nihat Erim
17%
Türkiye Cumhuriyeti Başbakanları 6 1946-1947 Cumhuriyet Halk Partisi Recep Peker
17%
Türkiye Cumhuriyeti Başbakanları 20 1989-1991 Anavatan Partisi Yıldırım Akbulut
14%
Türkiye Cumhuriyeti Başbakanları 4 1939-1942 Cumhuriyet Halk Partisi Refik Saydam
13%
Türkiye Cumhuriyeti Başbakanları 18 1980-1983 Askerî darbe Bülend Ulusu
10%
Türkiye Cumhuriyeti Başbakanları 7 1947-1949 Cumhuriyet Halk Partisi Hasan Saka
9%
Türkiye Cumhuriyeti Başbakanları 8 1949-1950 Cumhuriyet Halk Partisi Şemsettin Günaltay
9%
Türkiye Cumhuriyeti Başbakanları 14 1972-1973 Cumhuriyetçi Güven Partisi Ferit Melen
8%
Türkiye Cumhuriyeti Başbakanları 15 1973-1974 Bağımsız Naim Talu
8%
Türkiye Cumhuriyeti Başbakanları 11 1965-1965 Bağımsız Suat Hayri Ürgüplü
8%
Türkiye Cumhuriyeti Başbakanları 17 1974-1975 Bağımsız Sadi Irmak
7%
No matching quizzes found
Score Distribution
Percent of People with Each Score
Percentile by Number Answered
Your Score History
You have not taken this quiz